| 000 | 01395cam a22003494i 4500 | ||
|---|---|---|---|
| 003 | PE-LiUPU | ||
| 005 | 20250731184107.0 | ||
| 008 | 150625s r 000 0 d | ||
| 035 | _a(Sirsi) a31402 | ||
| 040 |
_aPE-LiUPU _bspa _cPE-LiUPU _erda |
||
| 082 | 0 | 4 |
_a891.32 _bH _221 |
| 100 | 1 |
_aDostoievski, Fedor, _eautor. |
|
| 245 | 1 | 4 |
_aLos hermanos Karamazof / _cFedor Dostoievski. |
| 264 | 1 |
_aBarcelona : _bDuplex, _c[1960]. |
|
| 300 |
_a998 páginas ; _c20 cm. |
||
| 336 |
_atext _2rdacontent |
||
| 337 |
_aunmediated _2rdamedia |
||
| 338 |
_avolume _2rdacarrier |
||
| 505 | 0 | _aHistoria de una familia . -Una reunion inconveniente. -Los sensuales. -Conmociones. -Pro y contra. -Un reliogoso ruso. -Alioscha. -Mita. -Instruccion del sumario. -Los muchachos. -Ivan Feodorovitch. -Error judicial. -Epilogo. -El jugador. | |
| 526 | _aP145 | ||
| 526 | _aP127 | ||
| 526 | _aP97 | ||
| 526 | _aP14 | ||
| 526 | _aP07 | ||
| 650 | 0 | 4 | _aGrandes clásicos. |
| 910 | _a | ||
| 942 |
_2ddc _cBOOK |
||
| 949 |
_a891.32 H _wDEWEY _c1 _i38867 _lCCODEBUL1 _mBUL _p00.00 _r0 _sY _tBOOK _u2015-06-25 _xBIBLIOTECA _zUNKNOWN _0COMPRA _o.STAFF. Colección General |
||
| 596 | _a1 | ||
| 999 |
_a891.32 H _wDEWEY _c38953 _i38867 _d38953 _e2017-4-17 _f2021-11-8 _g5 _lCCODEBUL1 _mBUL _n1 _r0 _sY _tBOOK _u2015-6-25 _xBIBLIOTECA _zUNKNOWN _0COMPRA _o.STAFF. Colección General |
||
| 980 |
_81 _gALBERTO SANCHEZ Responsable de Automatización |
||